=LDR 00000nam 2200000 4500 =001 INLIS000000000008950 =005 20130612100757 =008 ***********************************Ind** =035 ##$$0010-061300000008950 =041 ##$$a Ind =082 ##$$a 618.2 =090 ##$$a 618.2, Kas i =100 ##$$a Kasdu ,Dini =245 ##$$a Info Lengkap kehamilan dan persalinan, bacaan bagi calon ayah dan ibu, Dini Kasdu,Mila Meliasari,retno Purwaningsih =260 ##$$a 2001 $b Jakarta =300 ##$$a V,156 hlm, Ilus, 24cm =650 ##$$a kehamilan =700 ##$$a Meiliasari,Mili =850 ##$$a NBPNMAT